Músculos do corpo animal - Statistics

Estatísticas Gerais
  • Esse quiz foi jogado 13 vezes
    9 desde o último reset
  • A pontuação média é 3 de 113
Estatísticas das Respostas
Parte do corpo Resposta % Correto
membro pelvino bíceps femoral
43%
membro torácico deltoide
29%
cabeça masseter
29%
membro torácico e tórax trapézio
29%
membro torácico tríceps braquial
29%
membro pelvino (quadríceps) vasto lateral
29%
membro pelvino (quadríceps) vasto medial
29%
membro torácico bíceps braquial
14%
pescoço escaleno
14%
membro pelvino iliopsoas
14%
cabeça orbicular da boca
14%
cabeça orbicular do olho
14%
pescoço (carnívoros) platisma
14%
membro pelvino (quadríceps) reto femoral
14%
membro pelvino sartório
14%
membro pelvino(carnívoro) abdutor crural caudal
0%
membro pelvino(felino) abdutor crural cranial
0%
antebraço abdutor longo do polegar
0%
membro pelvino adutor da coxa
0%
membro torácico ancôneo
0%
cabeça (orelha, plural) auriculares
0%
membro torácico braquial
0%
membro torácico e tórax braquiocefálico
0%
antebraço(carnívoros) braquioradial
0%
cabeça bucinador
0%
cabeça canino
0%
membro torácico coracoide
0%
cabeça cutâneo da face
0%
tronco cutâneo do tronco
0%
cabeça depressor do lábio inferior
0%
cabeça depressor do lábio superior
0%
tronco diafragma
0%
cabeça digástrico
0%
cabeça elevador nasolabial
0%
tronco espinhal
0%
pescoço esternocefálico
0%
pescoço esterno-hiodeo
0%
pescoço esternotireoideo
0%
antebraço extensor comum dos dedos
0%
antebraço | perna extensor lateral dos dedos
0%
perna extensor longo dos dedos
0%
antebraço extensor radial do carpo
0%
perna(felinos) fibular curto
0%
perna fibular longo
0%
perna fibular terceiro
0%
antebraço | perna flexor profundo dos dedos
0%
antebraço flexor radial do carpo
0%
antebraço | perna flexor superficial dos dedos
0%
antebraço flexor ulnar do carpo
0%
perna gastrocnêmio
0%
membro pelvino Gêmeo
0%
membro pelvino (carnívoro) Gêmeo caudal
0%
membro pelvino (carnívoro) Gêmeo cranial
0%
membro pelvino glúteo acessório
0%
membro pelvino(fusão) gluteobíceps
0%
membro pelvino glúteo médio
0%
membro pelvino glúteo profundo
0%
membro pelvino glúteo superficial
0%
membro pelvino grácil
0%
membro torácico e tórax grande dorsal
0%
tronco ilíaco
0%
tronco iliocostal
0%
membro torácico infraespinhal
0%
tronco intercostal externo
0%
tronco intercostal interno
0%
cabeça levantador do lábio superior
0%
pescoço longíssimo do pescoço
0%
tronco longíssimo dorsal
0%
tronco longíssimo do tórax
0%
cabeça malar
0%
tronco oblíquo externo do abdome
0%
tronco oblíquo interno do abdome
0%
membro pelvino (carnívoro) Obturador interno
0%
pescoço omo-hiodeo
0%
membro torácico e tórax omotransverso
0%
membro pelvino pectíneo
0%
tronco peitoral profundo
0%
tronco peitoral superficial
0%
membro pelvino(carnívoro) piriforme
0%
perna poplíteo
0%
antebraço (carnívoros) pronador quadrado
0%
antebraço pronador redondo
0%
tronco psoas maior
0%
tronco psoas menor
0%
cabeça pterigoide medial
0%
membro pelvino Quadrado femoral
0%
tronco quadrado lombar
0%
membro torácico redondo maior
0%
membro torácico redondo menor
0%
tronco reto do abdome
0%
tronco reto do tórax
0%
membro torácico e tórax romboide
0%
membro pelvino(carnívoro) sartório cranial
0%
membro pelvino semimembranaceo
0%
membro pelvino semitendíneo
0%
tronco serratil dorsal caudal
0%
tronco serrátil dorsal cranial
0%
membro torácico e tórax serrátil ventral
0%
perna sóleo
0%
membro torácico subescapular
0%
antebraço (carnívoros e suíno) supinador
0%
tronco (aves) supracoracoide
0%
membro torácico supraespinhal
0%
membro torácico tensor da fáscia do antebraço
0%
membro pelvino tensor da fáscia lata
0%
perna tibial cranial
0%
tronco transverso do abdome
0%
antebraço ulnar lateral
0%
membro pelvino (quadríceps) vasto intermédio
0%
cabeça zigomático
0%
Nenhum quiz correspondente encontrado
Distribuição das Pontuações
Porcentagem de Pessoas com Cada Pontuação
Percentil de Números Respondidos
Sua Pontuação Histórica
Você não jogou esse quiz desde o último reset